Berühmte Michaels - Statistiken

Allgemein
  • Dieses Quiz wurde 364 mal gespielt
  • Das Durchschnittsergebnis liegt bei 8 aus 20
Antwortstatistiken
Hinweis Michael % Korrekt
7x Formel-1-Weltmeister Michael Schumacher
94%
Autor von "Die unenendliche Geschichte" und "Jim Knopf" Michael Ende
81%
Ex-Fußballer (u.a. Leverkusen, Bayern, Chelsea, Nationalelf) Michael Ballack
80%
"Der Schuh des Manitu", "(T)Raumschiff Surprise" Michael "Bully" Herbig
78%
Wimbledon-Sieger 1991 Michael Stich
55%
Bayrischer Komiker (Programme u.a. "Safari", "Achtung Baby") Michael Mittermeier
50%
Erster Moderator von "1, 2 oder 3" Michael Schanze
45%
Schwimmer, der Albatros Michael Groß
41%
Ex-Fußballer, Rekordspieler des BVB Michael Zorc
41%
"Der Mann mit der Mundharmonika" Michael Hirte
38%
Mitglied der Fantastischen 4 Michael Beck
37%
Sänger, ESC-Teilnehmer 2018 ("You Let Me Walk Alone") Michael Schulte
37%
Sächsischer Ministerpräsident seit 2017 Michael Kretschmer
34%
Comedy-Preisträger, u.a. bekannt durch "Switch reloaded" Michael Kessler
28%
Ex-Fußballer, Rekordtorschütze von Hertha BSC Michael Preetz
27%
Ex-Biathlet, gewann bei Olympia 2006 3x Gold Michael Greis
22%
Moderator ("Sag die Wahrheit", Sportschau) Michael Antwerpes
21%
Schauspieler (Girwidz in "Hubert und Staller") Michael Brandner
11%
NDR-Moderator ("BINGO!") Michael Thürnau
6%
Schauspieler ("Nachtgestalten", "Oh Boy", "Good Bye, Lenin!") Michael Gwisdek
4%
Keine übereinstimmenden Quizze gefunden
Verteilung der Resultate
Anzahl Personen mit jedem Resultat
Perzentil nach korrekt beantworteten Fragen
Ihre Resultats-Entwicklung
Sie haben dieses Quiz noch nicht gespielt